|
|
|
|
| LEADER |
02601nam a22004935i 4500 |
| 001 |
978-3-540-68820-4 |
| 003 |
DE-He213 |
| 005 |
20151030111537.0 |
| 007 |
cr nn 008mamaa |
| 008 |
100301s2008 gw | s |||| 0|eng d |
| 020 |
|
|
|a 9783540688204
|9 978-3-540-68820-4
|
| 024 |
7 |
|
|a 10.1007/978-3-540-68820-4
|2 doi
|
| 040 |
|
|
|d GrThAP
|
| 050 |
|
4 |
|a TP248.13-248.65
|
| 072 |
|
7 |
|a TCB
|2 bicssc
|
| 072 |
|
7 |
|a SCI010000
|2 bisacsh
|
| 082 |
0 |
4 |
|a 660.6
|2 23
|
| 245 |
1 |
0 |
|a Protein – Protein Interaction
|h [electronic resource] /
|c edited by Meike Werther, Harald Seitz.
|
| 264 |
|
1 |
|a Berlin, Heidelberg :
|b Springer Berlin Heidelberg :
|b Imprint: Springer,
|c 2008.
|
| 300 |
|
|
|a XIV, 272 p. 97 illus., 6 illus. in color.
|b online resource.
|
| 336 |
|
|
|a text
|b txt
|2 rdacontent
|
| 337 |
|
|
|a computer
|b c
|2 rdamedia
|
| 338 |
|
|
|a online resource
|b cr
|2 rdacarrier
|
| 347 |
|
|
|a text file
|b PDF
|2 rda
|
| 490 |
1 |
|
|a Advances in Biochemical Engineering/Biotechnology,
|x 0724-6145 ;
|v 110
|
| 505 |
0 |
|
|a Advanced Technologies for Studies on Protein Interactomes -- Cardiac Systems Biology and Parameter Sensitivity Analysis: Intracellular Ca2+ Regulatory Mechanisms in Mouse Ventricular Myocytes -- Protein Interactions: Analysis Using Allele Libraries -- Identification of Protein–Protein Interactions by Mass Spectrometry Coupled Techniques -- Lab-on-a-chip in Vitro Compartmentalization Technologies for Protein Studies -- Large-Scale Analysis of Protein–Protein Interactions Using Cellulose-Bound Peptide Arrays -- Antibody Microarrays as an Experimental Platform for the Analysis of Signal Transduction Networks -- Using Aptamers to Study Protein–Protein Interactions -- Investigating Protein–Protein Interactions by Far-Westerns -- Using Product Kernels to Predict Protein Interactions -- Computational Methods For Predicting Protein–Protein Interactions.
|
| 520 |
|
|
|a see table of contents.
|
| 650 |
|
0 |
|a Chemistry.
|
| 650 |
|
0 |
|a Molecular biology.
|
| 650 |
|
0 |
|a Biotechnology.
|
| 650 |
|
0 |
|a Biochemistry.
|
| 650 |
1 |
4 |
|a Chemistry.
|
| 650 |
2 |
4 |
|a Biotechnology.
|
| 650 |
2 |
4 |
|a Biochemistry, general.
|
| 650 |
2 |
4 |
|a Molecular Medicine.
|
| 700 |
1 |
|
|a Werther, Meike.
|e editor.
|
| 700 |
1 |
|
|a Seitz, Harald.
|e editor.
|
| 710 |
2 |
|
|a SpringerLink (Online service)
|
| 773 |
0 |
|
|t Springer eBooks
|
| 776 |
0 |
8 |
|i Printed edition:
|z 9783540688174
|
| 830 |
|
0 |
|a Advances in Biochemical Engineering/Biotechnology,
|x 0724-6145 ;
|v 110
|
| 856 |
4 |
0 |
|u http://dx.doi.org/10.1007/978-3-540-68820-4
|z Full Text via HEAL-Link
|
| 912 |
|
|
|a ZDB-2-CMS
|
| 950 |
|
|
|a Chemistry and Materials Science (Springer-11644)
|